000 00367nam a2200157Ia 4500
008 230917s9999||||xx |||||||||||||| ||und||
040 _e25640
_aMAIN
041 _aEnglish
082 _a330.1543 J644E
100 _aJohnston, J
245 0 _aEconometric methods
250 _a3rd. ed.
260 _aLondon
_bMcGraw-Hill
_c1987
300 _av, 568 p.
942 _cBK
999 _c61513
_d61513